000 01512nam0a2200301 4500
001 RU\NLR\bibl\1398706
005 20260405172453.0
021 _aRU
_b2009-43653
_92652
035 _a(NLR Aleph) 001390720
090 _a1160385
_c1160385
100 _a20090806d2009 |||y0rusy50 ca
101 0 _arus
_aeng
_eeng
102 _aRU
105 _aa |||||||||
200 1 _aTenses. Active voice
_eсборник грамматических упражнений для 2 курса ФЭМ
_fМ.А. Романюк, О.А. Черникова
_gВсерос. акад. внеш. торговли Минэкономразвития России, Каф. англ. яз. фак. экономистов-международников
210 _aМосква
_cВАВТ
_d2009
215 _a76 с.
_cил.
_d29
517 0 _aActive voice
606 1 _aАнглийский язык
_xГлагол
_xКатегория времени
_9991972
_3RU\NLR\auth\6656957
606 1 _aАнглийский язык
_xГлагол
_xКатегория залога
_9992029
_3RU\NLR\auth\6656991
686 _aШ143.21-93рус3-212.6
700 1 _4070
_7ca
_8rus
_aРоманюк
_bМ. А.
_cфилолог
_gМарина Альфредовна
_956898
_3RU\NLR\auth\7773970
701 1 _4070
_7ca
_8rus
_aЧерникова
_bО. А.
_cфилолог
_gОльга Александровна
_956897
_3RU\NLR\auth\7773969
801 0 _aRU
_bNLR
_c20090806
_gRCR
801 1 _aRU
_bNLR
_c20090806
942 _cBOOK
980 _aNB